Quizzes
Events
Quiz Creation
Community
Videos
Private Events
Remove Ads
Sign In
Join for FREE
Feedback
Dark Mode
Quiz Categories
Sports
Geography
Music
Movies
Television
Just For Fun
Miscellaneous
History
Literature
Language
Science
Gaming
Entertainment
Religion
Holiday
For Kids
Quiz Lab
Recent
Popular Today
Quiz Kudos Today
Editor Picks
Curator Picks
Quizzes by...
Day
Popularity
Type
Ratings
Length
Year
Community
Subscriptions
Recent Discussions
Orange Saloon
Badges
Playlists
Quests
Create
Leaderboards
Showdown
Live 5
Trivia Bingo
Activity
Puzzle Library
Sporcle Events
Private Events
Virtual Trivia
Globe League
Become a Host
Pub Owners
SporcleCon
Opinionation
Our Games
Videos
Blog
Mobile Apps
Partnerships
Remove Ads and Go Orange
Feedback
Sports
Athletes
MLB
NBA
NHL
NFL
Soccer
Sports Teams
WWE
NCAA
Football
Premier League
Basketball
Baseball
Hockey
Golf
Tennis
Cricket
Rugby
Auto Racing
Olympics
World Cup
Sports
Athletes
MLB
NBA
NHL
NFL
Soccer
Sports Teams
WWE
NCAA
Football
Premier League
Basketball
Baseball
Hockey
Golf
Tennis
Cricket
Rugby
Auto Racing
Olympics
World Cup
Random Quiz
Search Sporcle
×
Quiz Lab
Quiz Lab
Sports
nacionalidade
Type in answers that appear in a list
Type in answers that appear in a list
Classic
Best Score? Go Orange.
Treinadores do Vitória SC Stats
Consegue recordar-se de todos os treinadores do Vitória S.C. nos últimos anos?
By
WShadow
7m
61 Questions
152 Plays
152 Plays
152 Plays
Comments
Comments
Give Quiz Kudos
Give Quiz Kudos
-
- Ratings
hide this ad
More Info
Replay
Link that replays current quiz
Next Quiz
Link to next quiz in quiz playlist
You Got
0%
They Got
Avg Score
57%
Avg Friend Score
Upgrade to see
Score Distribution
Jump to the score distribution portion of the page
Score
0/61
Timer
07:00
0
Plays Today
Época
Treinador
% Correct
2013/
2014
Rui Vitória
94.7%
2012/
2013
Rui Vitória
94.7%
2011/
2012
Rui Vitória
94.7%
2014/
2015
Rui Vitória
92.1%
2008/
2009
Manuel Cajuda
90.8%
2007/
2008
Manuel Cajuda
90.8%
2006/
2007
Manuel Cajuda
90.8%
2011/
2012
Manuel Machado
89.5%
2010/
2011
Manuel Machado
89.5%
2004/
2005
Manuel Machado
89.5%
1995/
1996
Manuel Machado
89.5%
2005/
2006
Jaime Pacheco
82.9%
1997/
1998
Jaime Pacheco
82.9%
1996/
1997
Jaime Pacheco
82.9%
1995/
1996
Jaime Pacheco
82.9%
2009/
2010
Paulo Sérgio
76.3%
2003/
2004
Jorge Jesus
75%
1993/
1994
Bernardino Pedroto
73.7%
1992/
1993
Bernardino Pedroto
73.7%
1999/
2000
Quinito
73%
1998/
1999
Quinito
73%
1997/
1998
Quinito
73%
1994/
1995
Quinito
73%
1992/
1993
Marinho Peres
73%
1986/
1987
Marinho Peres
73%
1981/
1982
José Maria Pedroto
72.4%
1980/
1981
José Maria Pedroto
72.4%
2005/
2006
Vítor Pontes
71.7%
2015/
2016
Armando Evangelista
70.8%
2000/
2001
Paulo Autuori
68.4%
1990/
1991
Paulo Autuori
68.4%
Época
Treinador
% Correct
1989/
1990
Paulo Autuori
68.4%
2003/
2004
Augusto Inácio
67.1%
2002/
2003
Augusto Inácio
67.1%
2001/
2002
Augusto Inácio
67.1%
2000/
2001
Augusto Inácio
67.1%
2009/
2010
Nelo Vingada
66.4%
2006/
2007
Norton de Matos
65.8%
2011/
2012
Basílio Marques
57.9%
1995/
1996
Vítor Oliveira
50%
1998/
1999
Zoran Filipovic
40.1%
1980/
1981
Fernando Peres
38.8%
1987/
1988
António Oliveira
38.2%
1982/
1983
Manuel José
36.2%
2000/
2001
Álvaro Magalhães
34.9%
1978/
1979
Mário Wilson
34.2%
1977/
1978
Mário Wilson
34.2%
1974/
1975
Mário Wilson
34.2%
1973/
1974
Mário Wilson
34.2%
1991/
1992
João Alves
28.9%
1990/
1991
João Alves
28.9%
1988/
1989
Geninho
27%
1985/
1986
António Morais
21.1%
1987/
1988
José Alberto Torres
17.8%
1984/
1985
Raymond Goethals
17.8%
1987/
1988
René Simões
15.1%
1983/
1984
Hermann Stessl
9.9%
1979/
1980
Cassiano Gouveia
5.9%
1976/
1977
Fernando Caiado
5.9%
1975/
1976
Fernando Caiado
5.9%
1979/
1980
Mário Imbelloni
5.3%
Quiz Playlist
Details
Report
Send in Message
Add To Playlist
More Info:
Estão colocados os treinadores com pelo menos um jogo no campeonato.
Classic:
Type in answers that appear in a list
Last Updated: Feb 16, 2017
Quiz Scoreboard
CHALLENGE
Sign Up to Join the Scoreboard
Show All
Scores
Hide
Comments
May contain spoilers
Recently Published
Billboard Blitz: Fleetwood Mac
by CooCooCachoo
Music
15s
Presidents Visiting Landmarks
by Hejman
History
7m
An Introduction to Baseball
by treessimontrees
Sports
5m
More to Explore
Quiz From the Vault
Featured Blog Post
Where Did the Easter Bunny Come From?
hide this ad
You Might Also Like...
Tags
ano
nacionalidade
nos
too
Today's Top Quizzes in Sports
Browse Sports
hide this ad
Top Contributed Quizzes in Sports
1
Les meilleurs buteurs des matchs entre le PSG et l’OM
2
2022 World Cup Stars
3
FIFA Club World Cup Champions
4
Les entraîneurs de l'OM et du PSG au 21e siècle
5
Criteria MLB: Left Handed Sluggers
6
Name the Premier League winners with different clubs
7
5-to-1: UK Sports Teams
8
AFC Teams Reveal (Wrong Answers Minefield)
9
Players with Multiple 50 Home Run Seasons
10
5-to-1: FBS Animal Nicknames
Explore More
Trending Topics
Crossword
Disney
Marvel
NBA
Kpop
Anime
Harry Potter
The Office
Pokémon
WWE
Country
NFL
Soccer
Puzzle
Song
hide this ad
More By:
WShadow
Quiz
Plays
Rating
Category
Featured
Created
Treinadores do Vitória SC
152
Sports
Apr 3, 2014
Melhores Marcadores do VSC
125
Sports
Apr 2, 2014
Adversários Europeus do Vitória SC
104
Sports
Apr 3, 2014
Jogadores mais utilizados pelo Vitória SC
77
Sports
Apr 2, 2014
Guarda-Redes do Vitória SC
65
Sports
Apr 4, 2014
Go to Creator's Profile
Score Distribution
Quiz Creator Spotlight
WShadow
Follow
Send a Message
Quizzes Created
-
Created Quiz Play Count
-
More By This Creator
Popular Quizzes Today
1
Find the US States - No Outlines Minefield
2
Find the Countries of Europe - No Outlines Minefield
3
The Countries of the World
4
Find the US States
5
US States
6
Risky Map Clicking: Biggest States A-Z
7
Popular People in 1961
8
Movies - When Are They Set?
More Sports Quizzes
2015 NBA Draft - 1st Round
Quiz Lab
Trending Quizzes
Risky Map Clicking: Least Populous States A-Z
1-10 Letter G Words
1-10 Letter F Words
Risky Map Clicking: Next State Alphabetically
Risky Map Clicking: Biggest States A-Z
Recently Updated
Leaping Animals
pecheneg
Reality TV Shows (A-Z)
bhenderson79
Rickey Henderson's Hall of Fame Teammates
pecheneg
Champions League XIs: Arsenal
pecheneg
Quick Pick: Celebrities in WWE's Hall of Fame
aduchscher
A-Z Keypad Blitz II
pecheneg
Multiple Oscar Actors
pecheneg
Mystery Phrase Blitz: Oscar 'Best Actors'
pecheneg
F. Scott Fitzgerald Novels
LTH
Pick 3 Villains
ddd62291
Trending Topics
Harry Potter
Crossword
Anime
Marvel
Kpop
Disney
NBA
Puzzle
Pokémon
NFL
The Office
Country
Song
WWE
Soccer
Your Account Isn't Verified!
In order to create a playlist on Sporcle, you need to verify the email address you used during registration. Go to your
Sporcle Settings
to finish the process.
Report this User
Report this user for behavior that violates our
Community Guidelines
.
Details:
Send Report
Go to the Sporcle.com Mobile Site →
Comments